| Поле | Инд. | ПП | Название | Значение |
|---|---|---|---|---|
| Тип записи | a | |||
| Библиографический уровень | m | |||
| 001 | Контрольный номер | RU/IS/BASE/343489218 | ||
| 005 | Дата корректировки | 20251107184848.6 | ||
| 020 | a | ISBN | 978-5-394-00437-7 | |
| c | Цена, тираж | 220 р. | ||
| 040 | b | Код языка каталог. | rus | |
| e | Правила каталог. | PSBO | ||
| 041 | 0_ | a | Код языка текста | rus |
| 080 | a | Индекс УДК | 316 | |
| 090 | a | Полочн. индекс | С5 | |
| x | Авторский знак | В 67 | ||
| 091 | a | Индекс ББК (DOS) | С5я7 | |
| 097 | b | Оператор | *Ж* | |
| b | Оператор | *Ир* | ||
| b | Оператор | *Ольга-С* | ||
| 097 | b | Оператор | *С* | |
| 100 | 1_ | a | Автор | Волков Ю.Е. |
| 245 | 10 | a | Заглавие | Социология |
| b | Продолж. заглавия | учеб. пособие для магистрантов | ||
| b | Продолж. заглавия | в составе учебно-методического комплекса | ||
| 260 | a | Место издания | М. | |
| b | Издательство | Дашков и К | ||
| c | Дата издания | 2010 | ||
| 300 | a | Объем | 396, [1] с. | |
| 440 | _0 | a | Серия | УМК-У |
| 516 | 8_ | a | Прим. о типе комп. файла/ данных | Текст : непосредственный |
| 520 | 0_ | a | Аннотация | В учебнике, написанном в соответствии с Государственным образовательным стандартом высшего профессионального образования по направлению "Социология" (квалификация - магистр социологии), рассматриваются роль социологии в обеспечении познания общественных явлений и научной ориентации практической деятельности, социальная реальность с позиций социологических подходов, относящихся к явлениям политической жизни и управленческой деятельности, на основе концептуальных положений. Для магистрантов (магистерские программы "Методология современного социального познания", "Социология управления", "Социология политики и международных отношений"), аспирантов, соискателей (подготовки к экзамену кандидатского минимума), а также преподавателей высших учебных заведений. |
| 583 | a | Действие | Приписка : УМК | |
| 583 | a | Действие | Перевод | |
| 653 | 0_ | a | Ключевые слова | Политика |
| a | Ключевые слова | Самоуправление | ||
| a | Ключевые слова | Социология | ||
| a | Ключевые слова | Социология труда | ||
| a | Ключевые слова | Управление | ||
| 655 | 07 | a | Жанр/ форма (устаревшее) | У |
| 773 | 18 | w | Контрольный № источника | 117927 |
| 900 | a | Имя макрообъекта | 001-000084287-000000000-0000-0000-00 | |
| 901 | t | Тип документа | m | |
| 905 | a | Дата создания записи | 23.03.11 | |
| a | Дата создания записи | 05.12.17 | ||
| b | Дата создания записи обработка | 07.11.25 | ||
| 940 | a | ГФ | ||
| 952 | g | 1 | ||
| a | Тип литературы для КСУ ВШ | У2 | ||
| 954 | c | 23.03.11 | ||
| 990 | h | N записи в КСУ для Б/У (DOS) | 66/2010 | |
| j | Количество экземпляров (DOS) | 4 | ||
| c | Приоритет заказа (DOS) | д | ||
| g | Размещение заказа (DOS) | Дашков и К | ||
| b | Заказано (DOS) | 4 | ||
| f | Даты поступлений (DOS) | 18.11.10 |